| 000 | 01434nam0a22003131 4500 | ||
|---|---|---|---|
| 001 | v19\rc\1964648 | ||
| 005 | 20251118181029.7 | ||
| 035 | _a(NLR Aleph) 005048034 | ||
| 090 |
_a6864510 _c6864510 |
||
| 100 | _a20080428d1913 u y0rusy50 ca | ||
| 101 | 1 |
_arus _cger |
|
| 102 | _aRU | ||
| 105 | _ay z ||||| | ||
| 200 | 1 |
_aАтлас болезней кожи, со включением важнейших венерических заболеваний _eДля практ. врачей и студентов _fDr. E. Jacobi, проф. и дир. дермат. ун-та клиники в Фрейбурге _gПер. с 5 знач. доп. и перераб. нем. изд. прив.-доц. М.Б. Блюменау _gС предисл. авт. к рус. изд. |
|
| 205 | _a3-е изд. Ч. 1-2 | ||
| 210 |
_aСанкт-Петербург _c"Практ. медицина" (В.С. Эттингера) _d1913 |
||
| 215 | _d27 | ||
| 300 | _aНа тит. л. также загл. Берлин.-Вен. изд. 1913 г. на нем. яз. | ||
| 700 | 1 |
_aЯкоби _bЭ. _f1862-1915 _gЭдуард |
|
| 702 | 1 |
_aБлюменау _bМ.Б. _f1859- _gМакс Борисович _4730 |
|
| 801 | 0 |
_aRU _bNLR _gpsbo |
|
| 801 | 0 |
_aRU _bRuMoRGB _2psbo |
|
| 801 | 1 |
_aRU _bProSoft-M _2rusmarc |
|
| 852 |
_aNLR _j38.46.2.45(ч. 1-2) |
||
| 899 |
_aRuMoRGB _jU 276/37 |
||
| 899 |
_aRuMoRGB _jE 78а/16 |
||
| 899 | _aБАН | ||
| 942 | _cBOOK | ||
| 980 | _aNB | ||